000 00654cam a22002175i 4500
999 _c126240
_d126240
001 19421141
003 ARRUPE
005 20170228110518.0
008 161229s2016 ie 000 0 eng
010 _a 2016440588
020 _a9781910248249
040 _aDLC
_beng
_erda
_cDLC
042 _apcc
100 _aLynch, Finbarr
_929124
245 0 0 _aWhen You Cant Pray /
_cFinbarr Lynch SJ.
260 _aDublin
_bMessenger Publications
_c2016
300 _a176 p. ;
_c21 cm.
650 _aPrayer
_929125
906 _a0
_bibc
_corignew
_d2
_encip
_f20
_gy-gencatlg
942 _2lcc
_cMONOGRAPH